[Event "OSREDNJA SLOVENSKA LIGA 2025"]
[Site "gostovanja"]
[Date "2025.10.02"]
[Round "3.1"]
[White "Srebrnic, Vojko"]
[Black "Zidar, Jernej"]
[Result "1/2-1/2"]
[WhiteElo "1964"]
[BlackElo "2036"]
[PlyCount "67"]
[EventDate "2025.09.18"]
[WhiteTeam "SK LJUBLJANA TAJFUN"]
[BlackTeam "SK KOMENDA POPOTNIK"]

1. d4 d5 2. Bf4 Nf6 3. e3 c5 4. c3 Bf5 5. Bd3 Bxd3 6. Qxd3 Qb6 7. Nd2 Nbd7 8.
b3 e6 9. Ngf3 Bd6 10. Bxd6 Qxd6 11. O-O O-O 12. Rac1 e5 13. dxe5 Nxe5 14. Nxe5
Qxe5 15. Nf3 Qh5 16. Rcd1 Rfd8 17. Qb5 b6 18. c4 Qf5 19. cxd5 Nxd5 20. Qe2 Qf6
21. h3 h6 22. Qc4 Nb4 23. a3 Nc6 24. b4 Ne5 25. Nxe5 Qxe5 26. bxc5 bxc5 27. g3
Qc7 28. Kg2 Rxd1 29. Rxd1 Rc8 30. Rd5 Qb7 31. e4 a6 32. Rxc5 Rxc5 33. Qxc5 Qb1
34. Kh2 1/2-1/2

[Event "OSREDNJA SLOVENSKA LIGA 2025"]
[Site "gostovanja"]
[Date "2025.10.02"]
[Round "3.1"]
[White "Juhant, Igor"]
[Black "Sfiligoj, Anze"]
[Result "1-0"]
[WhiteElo "1972"]
[BlackElo "1838"]
[PlyCount "45"]
[EventDate "2025.09.18"]
[WhiteTeam "SK KOMENDA POPOTNIK"]
[BlackTeam "SK LJUBLJANA TAJFUN"]

1. e4 e5 2. Nc3 Nf6 3. f4 d6 4. Nf3 Nc6 5. Bc4 Bg4 6. h3 Bxf3 7. Qxf3 Nd4 8.
Qd1 g6 9. O-O c6 10. d3 Bg7 11. Ne2 O-O 12. Nxd4 exd4 13. Qf3 Nd7 14. a4 Qa5
15. b4 Qxb4 16. Ba3 Qxa4 17. Bxd6 Qxc2 18. Bxf8 Kxf8 19. e5 Qd2 20. Rae1 Nc5
21. f5 g5 22. f6 Bh8 23. Qh5 1-0

[Event "OSREDNJA SLOVENSKA LIGA 2025"]
[Site "gostovanja"]
[Date "2025.10.02"]
[Round "3.1"]
[White "Markus, David"]
[Black "Ogradi, Gregor"]
[Result "1/2-1/2"]
[WhiteElo "1800"]
[BlackElo "1959"]
[PlyCount "32"]
[EventDate "2025.09.18"]
[WhiteTeam "SK LJUBLJANA TAJFUN"]
[BlackTeam "SK KOMENDA POPOTNIK"]

1. e4 d6 2. d4 Nf6 3. Nc3 g6 4. Bf4 Bg7 5. Qd2 c6 6. Nf3 b5 7. a3 O-O 8. Bh6
Bg4 9. Bxg7 Kxg7 10. Be2 Qa5 11. O-O Bxf3 12. Bxf3 e5 13. Rad1 Re8 14. h4 h6
15. Ne2 Qb6 16. Rfe1 Nbd7 1/2-1/2

[Event "OSREDNJA SLOVENSKA LIGA 2025"]
[Site "gostovanja"]
[Date "2025.10.02"]
[Round "3.2"]
[White "Levacic, Matic"]
[Black "Zlindra, Aljaz"]
[Result "0-1"]
[WhiteElo "1875"]
[BlackElo "1995"]
[PlyCount "88"]
[EventDate "2025.09.18"]
[WhiteTeam "ZELENCI LPP"]
[BlackTeam "SD VRHNIKA"]

1. e4 c6 2. d4 d5 3. Nc3 dxe4 4. Nxe4 Nf6 5. Ng3 g6 6. Bc4 Bg7 7. c3 O-O 8. Nf3
Bg4 9. h3 Bxf3 10. Qxf3 Nbd7 11. Bd2 e5 12. Be2 exd4 13. cxd4 Qb6 14. Bc3 Nd5
15. O-O Bxd4 16. Bxd4 Qxd4 17. Rfd1 Qxb2 18. Rab1 Qc3 19. Rxb7 Nc5 20. Rbb1
Qxf3 21. Bxf3 Nc3 22. Bxc6 Rac8 23. Bf3 Nxd1 24. Rxd1 Rfd8 25. Re1 Kf8 26. h4
h5 27. Rc1 Nd3 28. Rb1 Rc1+ 29. Rxc1 Nxc1 30. a4 f5 31. Ne2 Nxe2+ 32. Bxe2 Rd4
33. a5 Rxh4 34. a6 Ke7 35. g3 Rb4 36. Kg2 Kd6 37. f4 Kd5 38. Kh3 Kd4 39. Bf3
Ke3 40. Bb7 Kf2 41. Kh4 Rb3 42. Bd5 Rxg3 43. Bf7 Rg4+ 44. Kh3 Ke3 0-1

[Event "OSREDNJA SLOVENSKA LIGA 2025"]
[Site "gostovanja"]
[Date "2025.10.02"]
[Round "3.2"]
[White "Praznik, Anton"]
[Black "Novakovic, Gosto"]
[Result "1-0"]
[WhiteElo "1962"]
[BlackElo "1841"]
[PlyCount "113"]
[EventDate "2025.09.18"]
[WhiteTeam "SD VRHNIKA"]
[BlackTeam "ZELENCI LPP"]

1. e4 e5 2. Nf3 Nc6 3. Bb5 d6 4. d4 exd4 5. Nxd4 Bd7 6. Nc3 Qf6 7. Be3 a6 8.
Nd5 Qd8 9. Ba4 Nxd4 10. Bxd7+ Qxd7 11. Qxd4 f6 12. O-O-O Ne7 13. f4 Nc6 14. Qc3
Be7 15. Rhe1 O-O 16. Qb3 Kh8 17. Qxb7 Rfc8 18. Nb6 Rab8 19. Qxb8 cxb6 20. Qxb6
a5 21. Bd2 Rb8 22. Qe3 Qb7 23. Bc3 h6 24. Qd3 a4 25. a3 Na7 26. Qd5 Qc7 27. Bb4
Qb6 28. Rd4 Nc6 29. Rc4 Qf2 30. Qd2 Qb6 31. Qe3 Qb5 32. Qc3 Rb6 33. Rd1 Nb8 34.
Rc8+ Kh7 35. Qc4 Qxc4 36. Rxc4 Na6 37. Rd5 g5 38. f5 h5 39. c3 Kh6 40. Ra5 Nc5
41. Bxc5 dxc5 42. Rcxa4 Bd6 43. Ra6 Bf4+ 44. Kc2 Rb7 45. Rxf6+ Kh7 46. g3 Be3
47. Raa6 g4 48. Rg6 Rd7 49. Rad6 Re7 50. Rge6 Rf7 51. c4 Bg1 52. Rd2 Bd4 53. b4
Ra7 54. Kb3 Be3 55. Re2 cxb4 56. axb4 Bc1 57. c5 1-0

[Event "OSREDNJA SLOVENSKA LIGA 2025"]
[Site "gostovanja"]
[Date "2025.10.02"]
[Round "3.3"]
[White "Kampus, Andrej"]
[Black "Ivanec, Dezider"]
[Result "1-0"]
[WhiteElo "2066"]
[BlackElo "2032"]
[PlyCount "71"]
[EventDate "2025.09.18"]
[WhiteTeam "SK DOL PRI LJUBLJANI"]
[BlackTeam "DRUSTVO KPSRD KAREL JERAJ"]

1. e4 c5 2. Nc3 g6 3. d4 cxd4 4. Qxd4 Nf6 5. Be3 Nc6 6. Qd2 Ng4 7. Bf4 e5 8.
Bg5 f6 9. Bh4 h5 10. h3 Nh6 11. Bc4 Nf7 12. Nd5 g5 13. Bg3 Nd6 14. Bb3 Bh6 15.
Ne2 Nxe4 16. Qd3 Qa5+ 17. c3 f5 18. O-O d6 19. Bc4 Ne7 20. b4 Qd8 21. f3 Nxg3
22. Nf6+ Kf8 23. Nxg3 h4 24. Ngh5 Bg7 25. Rad1 Qb6+ 26. Kh1 Bxf6 27. Nxf6 Rh6
28. Nd5 Nxd5 29. Bxd5 Bd7 30. c4 Rc8 31. c5 Qc7 32. Bb3 Ke7 33. Qe3 f4 34.
cxd6+ Rxd6 35. Qxe5+ Be6 36. Qg7+ 1-0

[Event "OSREDNJA SLOVENSKA LIGA 2025"]
[Site "gostovanja"]
[Date "2025.10.02"]
[Round "3.3"]
[White "Stimec, Marjan"]
[Black "Azinovic, Igor"]
[Result "1-0"]
[WhiteElo "1842"]
[BlackElo "1792"]
[PlyCount "101"]
[EventDate "2025.09.18"]
[WhiteTeam "DRUSTVO KPSRD KAREL JERAJ"]
[BlackTeam "SK DOL PRI LJUBLJANI"]

1. e4 c5 2. Nf3 d6 3. Nc3 Nc6 4. Be2 g6 5. O-O Bg7 6. a3 Nf6 7. d3 O-O 8. Bg5
h6 9. Bd2 b6 10. Qc1 Kh7 11. Nd5 e6 12. Nxf6+ Qxf6 13. Bc3 e5 14. Bd2 Be6 15.
Be3 d5 16. c3 Rac8 17. Bd2 Rfd8 18. Qc2 Na5 19. b4 Nb7 20. exd5 Bxd5 21. c4
Bxf3 22. Bxf3 Nd6 23. Bc3 Nf5 24. Bd5 Nd4 25. Bxd4 cxd4 26. Qe2 b5 27. g3 bxc4
28. dxc4 Rxd5 29. cxd5 Qd6 30. Qa2 Rd8 31. Rac1 Qxd5 32. Qxd5 Rxd5 33. Rc5 Rd7
34. Rfc1 d3 35. Rd1 e4 36. Kf1 Bb2 37. a4 Kg7 38. Rb1 Bd4 39. Rc6 f5 40. a5 g5
41. b5 f4 42. b6 axb6 43. axb6 Bxb6 44. Rcxb6 e3 45. fxe3 fxe3 46. Re6 Rf7+ 47.
Ke1 e2 48. Kd2 Rf1 49. Re1 Rf2 50. Kxd3 Rxh2 51. R1xe2 1-0

[Event "OSREDNJA SLOVENSKA LIGA 2025"]
[Site "gostovanja"]
[Date "2025.10.02"]
[Round "3.3"]
[White "Repe, Jure"]
[Black "Mlacnik, Janez"]
[Result "1-0"]
[WhiteElo "1763"]
[BlackElo "1875"]
[PlyCount "79"]
[EventDate "2025.09.18"]
[WhiteTeam "SK DOL PRI LJUBLJANI"]
[BlackTeam "DRUSTVO KPSRD KAREL JERAJ"]

1. d4 f5 2. Nf3 Nf6 3. g3 d6 4. Bg2 e6 5. O-O Be7 6. c4 O-O 7. Nc3 Qe8 8. b3 c6
9. Bb2 Nbd7 10. Re1 d5 11. Qc2 Bd6 12. Rad1 Ne4 13. Bc1 Ndf6 14. Bf4 Bb4 15.
Nxe4 fxe4 16. Bd2 Bxd2 17. Nxd2 Ng4 18. Rf1 Qg6 19. Qc3 Bd7 20. f3 exf3 21.
exf3 Nf6 22. Rde1 Rae8 23. Rf2 Rf7 24. Rfe2 Rfe7 25. f4 h5 26. Nf3 Ne4 27. Qc2
Qf5 28. Nh4 Qh7 29. Bxe4 dxe4 30. Qxe4 Qxe4 31. Rxe4 Kf7 32. Nf3 Kf6 33. Ng5 g6
34. Re5 Bc8 35. Ne4+ Kg7 36. Nd6 Rd8 37. Nxc8 Rxc8 38. Rxe6 Rxe6 39. Rxe6 Rd8
40. Re7+ 1-0

[Event "OSREDNJA SLOVENSKA LIGA 2025"]
[Site "gostovanja"]
[Date "2025.10.02"]
[Round "3.4"]
[White "Lah, Emil"]
[Black "Lanjscek, Miha"]
[Result "1/2-1/2"]
[WhiteElo "1953"]
[BlackElo "1842"]
[PlyCount "59"]
[EventDate "2025.09.18"]
[WhiteTeam "SK TRZIN BUSCOTRADE"]
[BlackTeam "SK TRZIN"]

1. e4 c5 2. Nf3 d6 3. d4 cxd4 4. Nxd4 Nf6 5. Nc3 a6 6. Bc4 e6 7. a4 d5 8. exd5
exd5 9. Bd3 Nc6 10. Nxc6 bxc6 11. O-O Be7 12. h3 O-O 13. Qf3 Rb8 14. b3 Bb7 15.
Bf4 Ra8 16. Rad1 Nd7 17. Ne2 Nc5 18. c4 Nxd3 19. Rxd3 Bf6 20. cxd5 cxd5 21. Be3
Bg5 22. Bd4 Qe7 23. Rfd1 Qe4 24. Qh5 Bh6 25. Ng3 Qg6 26. Qf3 Bg5 27. Nh5 Bh6
28. Ng3 Bg5 29. Nh5 Bh6 30. Ng3 1/2-1/2

[Event "OSREDNJA SLOVENSKA LIGA 2025"]
[Site "gostovanja"]
[Date "2025.10.02"]
[Round "3.4"]
[White "Bajec, Borut"]
[Black "Pavlin, Damijan"]
[Result "0-1"]
[WhiteElo "1727"]
[BlackElo "1963"]
[PlyCount "64"]
[EventDate "2025.09.18"]
[WhiteTeam "SK TRZIN"]
[BlackTeam "SK TRZIN BUSCOTRADE"]

1. d4 Nf6 2. Nf3 e6 3. c4 c5 4. d5 b5 5. b3 exd5 6. cxd5 d6 7. e4 a6 8. Nbd2 g6
9. Bb2 Bg7 10. Bd3 O-O 11. O-O Bg4 12. h3 Bxf3 13. Nxf3 Nbd7 14. Rc1 Re8 15.
Re1 Qb6 16. Ba1 Re7 17. e5 dxe5 18. Bxe5 Nxe5 19. Rxe5 Rxe5 20. Nxe5 Qd6 21.
Nc6 Re8 22. Qf3 Nxd5 23. Be4 Nf6 24. Rd1 Qc7 25. Bd5 Rc8 26. Bxf7+ Qxf7 27. Ne5
Qe6 28. Re1 Qd5 29. Qf4 Re8 30. Nf3 Rxe1+ 31. Nxe1 Qe4 32. Qb8+ Qe8 0-1

[Event "OSREDNJA SLOVENSKA LIGA 2025"]
[Site "gostovanja"]
[Date "2025.10.02"]
[Round "3.4"]
[White "Abe, Blaz"]
[Black "Konvalinka, Kostja"]
[Result "1/2-1/2"]
[WhiteElo "1791"]
[BlackElo "1704"]
[PlyCount "120"]
[EventDate "2025.09.18"]
[WhiteTeam "SK TRZIN BUSCOTRADE"]
[BlackTeam "SK TRZIN"]

1. d4 Nf6 2. c4 e6 3. Nf3 d5 4. Nc3 c5 5. Bf4 Bd6 6. Bg3 cxd4 7. Qxd4 Nc6 8.
Qd2 Bxg3 9. hxg3 dxc4 10. Qxd8+ Nxd8 11. e4 Nc6 12. Bxc4 O-O 13. a3 a6 14. Rd1
b5 15. Bd3 h6 16. O-O Bb7 17. b4 Rfd8 18. Bc2 Rxd1 19. Rxd1 Rd8 20. Rxd8+ Nxd8
21. Nd4 Nc6 22. Nxc6 Bxc6 23. f3 Kf8 24. a4 bxa4 25. Nxa4 Ne8 26. Nc5 Bb5 27.
Kf2 Ke7 28. f4 Kd6 29. Ke3 Nc7 30. Kd4 Bf1 31. Bd3 Nb5+ 32. Kc4 Bxd3+ 33. Kxd3
Nc7 34. Kc4 Kc6 35. g4 Kd6 36. Nb7+ Kd7 37. Kc5 Na8 38. e5 f6 39. Nd6 fxe5 40.
fxe5 g6 41. g3 Nc7 42. Ne4 Ke7 43. Nc3 Kd7 44. Ne4 Ke7 45. Nf6 Kf7 46. Nd7 Ke7
47. Nb8 Kd8 48. Kd6 Kc8 49. Nxa6 Nxa6 50. b5 Nc7 51. b6 Nd5 52. b7+ Kxb7 53.
Kxe6 Kc6 54. Kf7 Kd7 55. Kxg6 Ne3 56. g5 hxg5 57. Kxg5 Ke6 58. Kf4 Nd5+ 59. Ke4
Nc3+ 60. Kf4 Ne2+ 1/2-1/2

[Event "OSREDNJA SLOVENSKA LIGA 2025"]
[Site "gostovanja"]
[Date "2025.10.02"]
[Round "3.4"]
[White "Banko, Franci"]
[Black "Rijavec, Stane"]
[Result "1-0"]
[WhiteElo "1628"]
[BlackElo "1873"]
[PlyCount "65"]
[EventDate "2025.09.18"]
[WhiteTeam "SK TRZIN"]
[BlackTeam "SK TRZIN BUSCOTRADE"]

1. e4 c5 2. Nf3 Nc6 3. d4 cxd4 4. Nxd4 e6 5. Nc3 a6 6. Be3 Bb4 7. Nxc6 bxc6 8.
Qd4 Bxc3+ 9. Qxc3 Nf6 10. Bg5 h6 11. Bxf6 Qxf6 12. e5 Qe7 13. Bc4 O-O 14. O-O
d5 15. exd6 Qxd6 16. Rad1 Qe7 17. Rd3 Bb7 18. Rg3 g6 19. Re1 Rad8 20. Bd3 Kh7
21. Rg4 c5 22. h4 f5 23. Rf4 Qd6 24. Re5 g5 25. hxg5 hxg5 26. Rc4 Kg6 27. Rcxc5
Rh8 28. Rc7 Rh7 29. Rxh7 Kxh7 30. g4 Be4 31. gxf5 Rh8 32. fxe6 Kg8 33. Rxg5+
1-0

[Event "OSREDNJA SLOVENSKA LIGA 2025"]
[Site "gostovanja"]
[Date "2025.10.02"]
[Round "3.6"]
[White "Medvesek, Janez"]
[Black "Babarovic, Fran"]
[Result "0-1"]
[WhiteElo "1962"]
[BlackElo "1901"]
[PlyCount "108"]
[EventDate "2025.09.18"]
[WhiteTeam "SK VISNJA GORA 1"]
[BlackTeam "SK KOMENDA POGI"]

1. d4 d5 2. c4 c6 3. Nc3 Nf6 4. Nf3 e6 5. Bg5 h6 6. Bxf6 Qxf6 7. e3 Nd7 8. cxd5
exd5 9. Qc2 Bd6 10. Be2 O-O 11. O-O Re8 12. Rab1 Nf8 13. b4 Bf5 14. Bd3 Bg4 15.
Be2 Ng6 16. b5 Bxf3 17. Bxf3 Nh4 18. Bg4 Qg5 19. Bh3 Nf3+ 20. Kh1 Nxh2 21. Rfc1
Ng4 22. bxc6 bxc6 23. Qe2 Nxe3 24. fxe3 Qg3 25. Kg1 Rxe3 26. Qf2 Rxc3 27. Qxg3
Rxc1+ 28. Rxc1 Bxg3 29. Rxc6 Re8 30. Rc8 Kf8 31. Kf1 Rxc8 32. Bxc8 Ke7 33. Ke2
g6 34. Kf3 Bh2 35. Ke3 Bg1+ 36. Kd3 f5 37. Bb7 Kd6 38. Bc8 f4 39. Bg4 h5 40.
Bf3 Ke6 41. Kc3 Be3 42. Kd3 Bf2 43. Kc3 Kf5 44. Kd3 h4 45. Bxd5 g5 46. Be4+ Kg4
47. Ke2 Bxd4 48. Bc6 Kg3 49. Kf1 g4 50. Ke2 h3 51. gxh3 Kxh3 52. Bd7 Kg3 53.
Kf1 f3 54. Bc6 Kf4 0-1

[Event "OSREDNJA SLOVENSKA LIGA 2025"]
[Site "gostovanja"]
[Date "2025.10.02"]
[Round "3.6"]
[White "Poglajen, Franc"]
[Black "Baric, Dusan"]
[Result "1/2-1/2"]
[WhiteElo "1828"]
[BlackElo "1934"]
[PlyCount "66"]
[EventDate "2025.09.18"]
[WhiteTeam "SK KOMENDA POGI"]
[BlackTeam "SK VISNJA GORA 1"]

1. e4 c5 2. Nf3 d6 3. d4 cxd4 4. Nxd4 Nf6 5. Nc3 g6 6. Bc4 Bg7 7. O-O O-O 8.
Kh1 Nc6 9. Bb3 Na5 10. Qd3 Bd7 11. Bg5 Nxb3 12. axb3 Qb6 13. Rad1 Rfe8 14. Bxf6
Bxf6 15. Nd5 Qxd4 16. Qxd4 Bxd4 17. Rxd4 Rac8 18. c3 Be6 19. Rfd1 Kf8 20. f3
Rc6 21. R1d2 Rec8 22. Kg1 Bxd5 23. Rxd5 Rc5 24. R5d4 Ra5 25. Kf2 Rb5 26. b4 Rc6
27. Re2 e6 28. Ke3 b6 29. Kd3 a5 30. Rc4 Rxc4 31. Kxc4 Rh5 32. h3 axb4 33. Kxb4
Ra5 1/2-1/2

[Event "OSREDNJA SLOVENSKA LIGA 2025"]
[Site "gostovanja"]
[Date "2025.10.02"]
[Round "3.6"]
[White "Jancigaj, Saso Valentin"]
[Black "Zagar, Katarina"]
[Result "1-0"]
[WhiteElo "1787"]
[BlackElo "1542"]
[PlyCount "121"]
[EventDate "2025.09.18"]
[WhiteTeam "SK VISNJA GORA 1"]
[BlackTeam "SK KOMENDA POGI"]

1. f4 d5 2. Nf3 c5 3. e3 Nc6 4. Bb5 Qb6 5. a4 a6 6. Bxc6+ Qxc6 7. Ne5 Qc7 8. c4
d4 9. O-O Nf6 10. d3 Qd6 11. e4 Nd7 12. Ng4 g6 13. Qe2 h5 14. e5 Qc6 15. Nf2
Bg7 16. Ne4 O-O 17. Nbd2 b6 18. Nf3 Bb7 19. Bd2 f6 20. exf6 exf6 21. Nh4 f5 22.
Ng5 Rae8 23. Qf2 Rf6 24. b3 Nf8 25. Rae1 Ne6 26. Nhf3 Rff8 27. Nxe6 Rxe6 28.
Rxe6 Qxe6 29. Re1 Qc8 30. Ng5 Re8 31. Re2 Bc6 32. Qe1 Bd7 33. g3 Rxe2 34. Qxe2
Qe8 35. Qxe8+ Bxe8 36. Ne6 Bc6 37. a5 Bf8 38. axb6 Bd6 39. Nd8 Bf3 40. Kf2 Bh1
41. Ba5 Kf8 42. Ne6+ Ke7 43. Nc7 Bb7 44. Ke2 h4 45. Kf2 hxg3+ 46. hxg3 Kd7 47.
Kg1 Ke7 48. Kh2 Kf7 49. Kh3 Kg8 50. Nd5 Kg7 51. g4 Kf7 52. Kg3 Ke6 53. Nc7+ Kd7
54. gxf5 gxf5 55. Nd5 Ke6 56. b4 cxb4 57. Nxb4 Bxb4 58. Bxb4 Kd7 59. Bc5 a5 60.
Bxd4 Kc6 61. Kf2 1-0

[Event "OSREDNJA SLOVENSKA LIGA 2025"]
[Site "gostovanja"]
[Date "2025.10.02"]
[Round "3.6"]
[White "Perme, Stanko"]
[Black "Vidonja, Taja"]
[Result "1-0"]
[WhiteElo "1496"]
[BlackElo "1722"]
[PlyCount "81"]
[EventDate "2025.09.18"]
[WhiteTeam "SK KOMENDA POGI"]
[BlackTeam "SK VISNJA GORA 1"]

1. e4 c6 2. d4 d5 3. exd5 cxd5 4. Nf3 Bg4 5. Bf4 Nf6 6. Nbd2 e6 7. Bd3 Nc6 8.
c3 Be7 9. O-O Rc8 10. a3 O-O 11. Qc2 Bxf3 12. Nxf3 h6 13. Qd2 Ne4 14. Bxe4 dxe4
15. Ne5 Nxe5 16. Bxe5 Bd6 17. Qf4 Bxe5 18. Qxe5 Qd5 19. Qf4 f5 20. f3 exf3 21.
Rxf3 g5 22. Qg3 Rf7 23. Re1 Re8 24. h3 Kh7 25. Re5 Qd7 26. Rf2 Kg6 27. Rfe2
Rfe7 28. Qf3 h5 29. g4 h4 30. Qd3 Kf6 31. gxf5 exf5 32. Rxf5+ Qxf5 33. Rf2
Qxf2+ 34. Kxf2 Re2+ 35. Qxe2 Rxe2+ 36. Kxe2 b5 37. Kf3 Kf5 38. b3 a6 39. c4
bxc4 40. bxc4 a5 41. a4 1-0

[Event "OSREDNJA SLOVENSKA LIGA 2025"]
[Site "gostovanja"]
[Date "2025.10.02"]
[Round "3.7"]
[White "Sajovic, Marko"]
[Black "Pisek, Igor"]
[Result "1/2-1/2"]
[WhiteElo "2030"]
[BlackElo "1842"]
[PlyCount "90"]
[EventDate "2025.09.18"]
[WhiteTeam "SK MEDVODE"]
[BlackTeam "SK VISNJA GORA 2"]

1. e4 e5 2. Nf3 Nc6 3. Bc4 Be7 4. d4 d6 5. h3 Nf6 6. Nc3 O-O 7. O-O a6 8. Re1
h6 9. a3 Rb8 10. b4 b5 11. Bb3 Bb7 12. d5 Na7 13. Be3 Nc8 14. a4 bxa4 15. Bxa4
Nb6 16. Qd3 Nxa4 17. Nxa4 c6 18. c4 cxd5 19. cxd5 Qd7 20. Nb6 Qe8 21. Nd2 Bd8
22. Ndc4 Qe7 23. f4 Re8 24. fxe5 dxe5 25. Bc5 Bxb6 26. Nxb6 Qd8 27. Re3 Nd7 28.
Nxd7 Qxd7 29. Rg3 f6 30. Qf3 Qf7 31. Rf1 Kh8 32. Qf5 Bc8 33. Qf2 Bd7 34. Qd2
Bb5 35. Rf2 Rb7 36. Be3 Kh7 37. Kh2 Bd7 38. Qc3 Bb5 39. Bc5 Bd7 40. Ra2 Bb5 41.
Qe3 Qd7 42. Rf3 Qf7 43. g4 Qd7 44. Kg3 Qf7 45. h4 Qg6 1/2-1/2

[Event "OSREDNJA SLOVENSKA LIGA 2025"]
[Site "gostovanja"]
[Date "2025.10.02"]
[Round "3.7"]
[White "Kirasic, Branko"]
[Black "Krupenko, Katja"]
[Result "1-0"]
[WhiteElo "1938"]
[BlackElo "1696"]
[PlyCount "85"]
[EventDate "2025.09.18"]
[WhiteTeam "SK VISNJA GORA 2"]
[BlackTeam "SK MEDVODE"]

1. e4 e5 2. Nc3 Nc6 3. f4 Nf6 4. Nf3 d6 5. d4 exd4 6. Nxd4 Bd7 7. Be2 Be7 8.
Be3 Nxd4 9. Bxd4 Bc6 10. Bf3 O-O 11. Qd3 Qd7 12. O-O-O Rfd8 13. Rhg1 b5 14. g4
b4 15. Nd5 Nxd5 16. exd5 Bb5 17. c4 bxc3 18. Qxc3 Bf8 19. Kb1 Rac8 20. Rc1 Re8
21. Qc2 a5 22. Be4 h6 23. Bf5 Qe7 24. Bxc8 Rxc8 25. g5 h5 26. f5 c5 27. f6 Qd7
28. g6 fxg6 29. Rxg6 cxd4 30. Rxg7+ Bxg7 31. Qxc8+ Qxc8 32. Rxc8+ Kf7 33. fxg7
Kxg7 34. Rd8 Kf6 35. Rxd6+ Ke5 36. Rd8 d3 37. d6 Bc6 38. Kc1 Ke6 39. Kd2 Bb5
40. Rh8 Kxd6 41. Rxh5 Kc6 42. Rxb5 Kxb5 43. h4 1-0

[Event "OSREDNJA SLOVENSKA LIGA 2025"]
[Site "gostovanja"]
[Date "2025.10.02"]
[Round "3.7"]
[White "Arcon, Roman"]
[Black "Mirtic, Lovro"]
[Result "1-0"]
[WhiteElo "1706"]
[BlackElo "1879"]
[PlyCount "83"]
[EventDate "2025.09.18"]
[WhiteTeam "SK MEDVODE"]
[BlackTeam "SK VISNJA GORA 2"]

1. e4 e5 2. d4 exd4 3. c3 d6 4. cxd4 g6 5. Nc3 Bg7 6. Be3 Nf6 7. h3 O-O 8. Bd3
Nc6 9. a3 Re8 10. Qd2 Na5 11. Rb1 b6 12. b4 Nb7 13. Nf3 c6 14. Bh6 Nxe4 15.
Nxe4 d5 16. Bxg7 dxe4 17. Be5 exf3 18. O-O f6 19. Bc4+ Be6 20. Bxe6+ Rxe6 21.
Bf4 fxg2 22. Rfe1 Qd5 23. Rxe6 Qxe6 24. Re1 Qxh3 25. Qa2+ Kh8 26. Bh2 Qd7 27.
Re6 Re8 28. Rxf6 Qxd4 29. Qf7 Qd1+ 30. Kxg2 Qg4+ 31. Bg3 Qe4+ 32. Kh2 c5 33.
Rf4 Qe7 34. Qd5 Rd8 35. Qb3 Nd6 36. bxc5 bxc5 37. Qc3+ Kg8 38. Qxc5 Qb7 39. Rb4
Qc8 40. Bxd6 Qe6 41. Bg3 Rd5 42. Rb8+ 1-0

[Event "OSREDNJA SLOVENSKA LIGA 2025"]
[Site "gostovanja"]
[Date "2025.10.02"]
[Round "3.7"]
[White "Miceli, Dario Edgardo"]
[Black "Krupenko, Andrej"]
[Result "1-0"]
[WhiteElo "1756"]
[BlackElo "1525"]
[PlyCount "92"]
[EventDate "2025.09.18"]
[WhiteTeam "SK VISNJA GORA 2"]
[BlackTeam "SK MEDVODE"]

1. d4 d5 2. c4 e6 3. Nf3 Nf6 4. Bg5 h6 5. Bxf6 Qxf6 6. e3 c6 7. Nc3 Nd7 8. Bd3
dxc4 9. Bxc4 Nb6 10. Bd3 Bd6 11. O-O O-O 12. Ne4 Qe7 13. Nxd6 Qxd6 14. Rc1 Nd5
15. a3 Qd8 16. Bb1 Nf6 17. Qc2 Bd7 18. e4 g6 19. e5 Nd5 20. h4 h5 21. g3 Ne7
22. Ng5 Nf5 23. Rcd1 Qb6 24. Qc3 Rac8 25. Ne4 Qd8 26. b4 b6 27. Kh2 Kg7 28. Rd2
Ne7 29. Nd6 Rc7 30. Rc1 Nd5 31. Qd3 b5 32. Rdc2 Ne7 33. Nxb5 Rb7 34. Nd6 Rc7
35. Ne4 Nd5 36. Ba2 Qa8 37. Qa6 Ne7 38. Bb3 Bc8 39. Qa5 Qb8 40. Ba4 Rd8 41. Nd6
Bd7 42. b5 Qb6 43. Qxb6 axb6 44. bxc6 Bc8 45. Nb5 Rxc6 46. Rxc6 Bb7 1-0

[Event "OSREDNJA SLOVENSKA LIGA 2025"]
[Site "gostovanja"]
[Date "2025.10.02"]
[Round "3.8"]
[White "Veskovic, Dzemal"]
[Black "Mulec, Dejan"]
[Result "1-0"]
[WhiteElo "1885"]
[BlackElo "1724"]
[PlyCount "99"]
[EventDate "2025.09.18"]
[WhiteTeam "SD MENGES - TRZIN"]
[BlackTeam "SK LOSKA DOLINA"]

1. e4 c5 2. Nc3 Nc6 3. Nf3 g6 4. d4 cxd4 5. Nxd4 Bg7 6. Be3 Nf6 7. Be2 O-O 8.
O-O d5 9. Nxc6 bxc6 10. exd5 Nxd5 11. Nxd5 cxd5 12. c3 a5 13. Bd4 e5 14. Bc5
Re8 15. Bb5 Re6 16. a4 Bb7 17. Re1 Qc7 18. b4 Rd8 19. Rc1 Bh6 20. Be3 Bg7 21.
Bg5 f6 22. Be3 Bf8 23. Qb3 Bd6 24. bxa5 Qxa5 25. Bf1 Rb8 26. Bb6 Qa8 27. a5 Kg7
28. c4 dxc4 29. Bxc4 Re7 30. Qd3 Bb4 31. Ra1 Bxe1 32. Rxe1 Bxg2 33. Qg3 Bb7 34.
h4 h5 35. f4 Kh7 36. fxe5 Rbe8 37. e6 Qc8 38. Bd3 Rg8 39. Be3 Qxe6 40. Bf2 Qd7
41. Rd1 Kh8 42. Qf4 Qc6 43. Qh2 Qf3 44. Rd2 Rd7 45. Be2 Qc6 46. Rxd7 Qxd7 47.
Qf4 Kh7 48. Be3 g5 49. Qxf6 gxh4+ 50. Bg5 1-0

[Event "OSREDNJA SLOVENSKA LIGA 2025"]
[Site "gostovanja"]
[Date "2025.10.02"]
[Round "3.8"]
[White "Bucan, Luka"]
[Black "Sedlar, Tomo"]
[Result "1/2-1/2"]
[WhiteElo "1706"]
[BlackElo "1871"]
[PlyCount "51"]
[EventDate "2025.09.18"]
[WhiteTeam "SK LOSKA DOLINA"]
[BlackTeam "SD MENGES - TRZIN"]

1. c4 e5 2. Nc3 Nc6 3. g3 g6 4. Bg2 Bg7 5. Nf3 Nge7 6. O-O O-O 7. e4 d6 8. d3
Bg4 9. Be3 Qd7 10. Re1 f5 11. h3 fxe4 12. hxg4 exf3 13. Bxf3 Nd4 14. Bxd4 exd4
15. Nd5 Nxd5 16. Bxd5+ Kh8 17. Kg2 c6 18. Be4 Rf7 19. f4 Re8 20. Rh1 Kg8 21. g5
Rfe7 22. Qb3 Qg4 23. Rae1 a6 24. Rh4 Qd7 25. Reh1 Bh8 26. Re1 1/2-1/2

[Event "OSREDNJA SLOVENSKA LIGA 2025"]
[Site "gostovanja"]
[Date "2025.10.02"]
[Round "3.8"]
[White "Simicak, Metod"]
[Black "Soba, Franc"]
[Result "1-0"]
[WhiteElo "1875"]
[BlackElo "1511"]
[PlyCount "99"]
[EventDate "2025.09.18"]
[WhiteTeam "SD MENGES - TRZIN"]
[BlackTeam "SK LOSKA DOLINA"]

1. e4 c6 2. d4 d5 3. Nc3 dxe4 4. Nxe4 Nf6 5. Nxf6+ exf6 6. Nf3 Bd6 7. Bd3 O-O
8. O-O Re8 9. h3 Nd7 10. c4 Nf8 11. Qc2 Be6 12. Re1 Rc8 13. Bd2 Qd7 14. Bf1 Ng6
15. Qa4 b5 16. cxb5 Bd5 17. bxc6 Bxc6 18. Rxe8+ Rxe8 19. Qd1 Bb8 20. Be3 Qd6
21. d5 Nh4 22. g3 Nxf3+ 23. Qxf3 Bxd5 24. Qe2 Bb7 25. Bg2 Bxg2 26. Kxg2 Qd5+
27. Qf3 Rd8 28. Qxd5 Rxd5 29. Re1 Re5 30. Rd1 Re8 31. Rd7 a6 32. b4 h6 33. Bc5
g5 34. Rb7 Kg7 35. Rb6 a5 36. bxa5 Bc7 37. Ra6 Re6 38. Rxe6 fxe6 39. a6 Bb8 40.
a7 Bxa7 41. Bxa7 Kf7 42. a4 Ke7 43. a5 Kd7 44. Kf3 f5 45. g4 Kc6 46. Ke3 Kb5
47. Bb6 Kc6 48. Kd4 Kd6 49. Bc5+ Kc6 50. Bb4 1-0